Contemporary State of Intelligent and Interactive Textile Fabrics

Bibliographic Details
Main Authors: Sodomka, Lubomír (Author), Valíček, Jan (Author), Kušnerová, Milena (Author)
Format: Article
Language:English
ISBN:9788080739003

MARC

LEADER 00000naa a2200000uu 4500
001 vtls011057311
003 SK-MaSNL
005 20260302113851.0
008 210907|2007 xo |||||||||||||||||eng|
015 |a SNBRA 
035 |a (urnnbn)urn:nbn:sk:snk:ar-a0bzpw 
035 |a (uuid)a4b49147-4eaa-4bd8-b499-d6d3ca093657 
035 |a urn:nbn:sk:snk-aav6bn 
040 |a SNKBUCL  |b slo  |c SNKBUCL  |e AACR2 
041 0 |a eng 
044 |a xo  |c SK 
100 1 |a Sodomka, Lubomír  |4 aut  |9 771476 
245 1 0 |a Contemporary State of Intelligent and Interactive Textile Fabrics  |c Lubomír Sodomka, Jan Valíček, Milena Kušnerová 
700 1 |a Valíček, Jan  |4 aut  |9 403215 
700 1 |a Kušnerová, Milena  |4 aut  |9 795039 
773 0 |t 8th International Scientific Conference on Technology Systems Operation  |d Prešov : FVT TU, 2007  |g S. 250-256  |z 9788080739003 
958 |a OND 
958 |a article12 
958 |a chapter 
999 |c 1257368  |d 1259298